000 00736nam a2200217Ii 4500
003 JO-AjNU
008 230605s9999||||xx |||||||||||||| ||und||
017 _a2002/11/2746
040 _aJO-AjNU
_bara
_erda
_cJO-AjNU
041 _aara
050 1 4 _aBP166.8.2021
100 3 _aالقضاة، محمد طعمة,
_eauthor
_962175
245 0 0 _aمقدمات وعلامات الساعة الكبرى، ج2
250 _aالطبعة الاولى
264 3 1 _aعمان: المؤلف، 2021
300 _a201ص
_b ويحتوي على قائمة مراجع من ص185-ص201
336 _atext
_btxt
_2rdacontent
337 _aunmediated
_bn
_2rdamedia
338 _avolume
_bnc
_2rdacarrier
650 4 _aعلامات الساعة
_962176
999 _aA28142
_c31710
_d31710